TV Shows Cut Off at 'A' Quiz Stats

 Plays Quiz Updated Jan 7, 2019

Support Sporcle.
Go Orange.
Score 0/24 Timer 05:00
1 Play Today
Cut Off at A TV Show % Correct
THE LONE RANGER
98.4%
THE ED SULLIVAN SHOW
96.8%
BUFFY THE VAMPIRE SLAYER
95.1%
GREY'SANATOMY
94.9%
HOUSE OF CARDS
94.8%
JEOPARDY!
94.4%
RUGRATS
94.3%
THE X FACTOR
92.3%
GROWING PAINS
92.1%
DENNIS THE MENACE
92%
GET SMART
90.8%
GILLIGAN'S ISLAND
90.5%
Cut Off at A TV Show % Correct
THE SOPRANOS
88.5%
THE BIG BANG THEORY
84.4%
THE DREW CAREY SHOW
83.8%
MORKAND MINDY
83.6%
PERFECT STRANGERS
82.5%
HOW TO GETAWAY WITH MURDER
74.1%
STILL STANDING
68.6%
GREENACRES
68.2%
THE STREETS OF SAN FRANCISCO
59.8%
YOUR HIT PARADE
53.6%
GIMME'A BREAK
47.3%
MY LITTLE MARGIE
20%

From the Vault

6 Most Populous Cities in Each State

by robhop

Geography 20m
If you want to avoid rush hour traffic, move elsewhere.
Remove Ads.
Support Sporcle.
Get the best of Sporcle when you Go Orange. This ad-free experience offers more features, more stats, and more fun while also helping to support Sporcle. Thank you for becoming a member.

Show Comments

Extras

Top Quizzes Today


Score Distribution

Your Account Isn't Verified!

In order to create a playlist on Sporcle, you need to verify the email address you used during registration. Go to your Sporcle Settings to finish the process.

Report this User

Report this user for behavior that violates our Community Guidelines.

Details: